01100nab a22002297a 4500003000400000005001700004008004100021040000700062100002500069245013000094260007300224300001200297500003600309505016500345505008200510650001800592650002200610650004000632650002400672650002600696773014800722OSt20251218105302.0190429b xxu||||| |||| 00| 0 spa d cPJ aObiaño, Pablo Over13aLa trata de personas, las víctimas de explotación sexual y el derecho a una reparación integral /cPablo Over Obiaño. cCiudad Autónoma de Buenos Aires :aThomson Reuters La Ley, b2025. ap. 9-21 aCita: TR LALEY AR/DOC/725/2025. aSumario: I. Introducción.— II. Violencia de género en la trata sexual. Magnitud.— III. Reparación integral.— IV. Conclusiones.— V. Bibliografía. tSi te interesa el texto completo, solicitalo a koha@justierradelfuego.gov.ar  0aDERECHO PENAL 0aTRATA DE PERSONAS 0aDELITOS CONTRA LA INTEGRIDAD SEXUAL 0aREPARACION INTEGRAL 0aVIOLENCIA DE GÉNERO0 02658tRevista de derecho penal y criminología. Nº 4 - Mayo 2025dCiudad Autónoma de Buenos Aires : Thomson Reuters La Ley, 2017-x00347914